Facultad de Derecho – Universidad Nacional de Mar del Plata

Suspension del Proceso a Prueba para Delitos de Genero: (Record no. 5439)

MARC details
000 -CABECERA
campo de control de longitud fija 00777nam a22001457a 4500
020 ## - NUMERO INTERNACIONAL NORMALIZADO PARA LIBROS (ISBN)
International Standard Book Number 9789507417283
080 ## - NUMERO DE CLASIFICACION DECIMAL UNIVERSAL (CDU)
Número de la Clasificación Decimal Universal 343.13+ 396 Su 81
245 ## - MENCION DE TITULO
Título propiamente dicho Suspension del Proceso a Prueba para Delitos de Genero:
Parte restante del título un mecanismo de prevencion
260 ## - PUBLICACION, DISTRIBUCION, ETC. (PIE DE IMPRENTA)
Lugar de publicación, distribución, etc. Buenos Aires:
Nombre del editor, distribuidor, etc. Hammurabi,
Fecha de publicación, distribución, etc. 2015
300 ## - DESCRIPCION FISICA
Extensión 191 P.
Dimensiones 23 X 16 Cm.
650 ## - ASIENTO SECUNDARIO DE MATERIA - TERMINO TEMATICO
Subdivisión general derecho procesal penal
-- suspension del proceso a prueba
-- delitos de genero
-- feminsimo
-- violencia de genero
-- caso Gongora
-- jurisprudencia
700 ## - ASIENTO SECUNDARIO - NOMBRE PERSONAL
Nombre personal Avila, Fernando;
Término de relación Bianciotti, Daniela;
-- cafferata Nores, Jose I;
-- Devoto, Eleonoara A;
-- Juliano, Mariano A;
-- Lopardo, Mauro;
-- Magrini, Liliana;
-- Niño, Luis F;
-- Quiñones, Ruben;
-- Quiñones Allende, Gabriela;
-- Rovatti, Pablo;
-- Vitale, Gustavo L:
942 ## - ELEMENTOS AGREGADOS (KOHA)
Clasificación normalizada de Koha para alfabetizar _
945 ## - INFORMACION DE PROCESAMIENTO LOCAL
Responsable de carga/modificación Celeste Delía
AAAA-MM-DD - Fecha de ingreso/modificación 2024-11-05
Holdings
Retirado Perdido Fuente de clasificación Dañado No se presta Ubicación permanente Locación actual Estante o sala Fecha de adquisición Total préstamos Signatura topográfica Inventario Ultima fecha vista Fecha del precio Tipo de item de Koha
          Bib. Derecho Bib. Derecho Sala de Lectura 05/11/2024   343.13+ 396 Su 81 204549 05/11/2024 05/11/2024 LIBRO (Consulta)

XHTML | CSS | ©Biblioteca Central - Dto. Tecnología de la Información - [ Con tecnología Koha ]